Open Data Biblioteca Nacional de Portugal


República Portuguesa: Ministério da Cultura
Biblioteca Nacional de Portugal

Catálogo da BNP: acesso por Identificadores Unívocos
Registos Bibliográficos associados ao registo de autoridade

Etiqueta de registo: 00254nbm 2200025 450
001 2116629
003 http://id.bnportugal.gov.pt/bib/catbnp/2116629
100 ## $a20221124f17401800k y0pory01030103ba
101 0# $apor$alat
102 ## $aPT
105 ## $ay z 000yy
106 ## $ah
200 1# $aCotas A Ordenac[ão]$bManuscrito]
210 #1 $d[Depois de 1740]
215 ## $a295 f., [9] f. br., enc.$d32 cm
300 ## $aOriginal
304 ## $aTexto em português e latim
304 ## $aTítulo retirado da lombada
304 ## $aCompilação de notas jurídicas aos livros das "Ordenações do Reino" e ao "Repertório das ordenações e leis do Reino de Portugal", por vezes, com base nas obras de juristas como João Lampreia de Vargas e Nuno da Fonseca Cabral
307 ## $aProfusamente anotado; acrescentos e correcções interlineares
307 ## $aManchado pela tinta ferrogálica e humidade; marcas da acção dos insectos; aparado
307 ## $aEncadernação em pastas de cartão revestidas a pele castanha; corte salpicado
316 ## $aCota antiga: J-6-30
316 ## $aCota antiga: H-10-14
317 ## $aMarca de posse manuscrita: "De Fran[cis]co Jozé da Serra Craesbeck de Carv[alh]o" (guarda)
327 11 $a"Do modo com q[ue] se entendem algu[m]as ordd[enaçõ]es" (f. 2-4)$a"P[ar]a os Juizes" (f. 5-15)$a"P[ar]a os Corregedores das Com[ar]cas" (f. 16-17; 281-283)$a"Cottas à Ord[enação] do livro 1º tiradas de hu[m]as, q[ue] foraõ copiadas de outras, q[ue] se achavaõ escritas em hu[m]a ord[enação] velha da letra do D[out]or Joaõ Lampera de Vargas" (f. 18-37)$a"Cottas do D[out]or Joaõ Lampera de Vargas" (f. 38-42)$a"Notas ao Regim[en]to dos Dezembargadores do Paço" (f. 43-53)$a"Cottas ao liuro 2º da ordenaçam." até ao livro 5º (f. 54-277)$a"Sobre o exame dos forais pelo cour[re]g[ed]or" (f. 286-291)
518 1# $aCotas à ordenação
518 1# $aSobre o exame dos forais pelo corregedor
540 1# $aNotas às ordenações
540 1# $aNotas ao regimento dos desembargadores do paço
540 1# $aDevassas em casos particulares ...
702 #1 $aVargas,$bJoão Lampreia de,$f16--$4100$31865038
702 #1 $aCabral,$bNuno da Fonseca,$f15---16--$4100$3205956
702 #1 $aCarvalho,$bFrancisco José da Serra Craesbeeck de,$ffl. 17--$4390$4220$3152647
711 01 $aPortugal.$bRei,$c1707-1750 (João V)$4070$31311655
711 01 $aPortugal.$bRei,$c1581-1598 (Filipe I)$4070$3798777
711 02 $aPortugal.$bLeis, decretos, etc.$cOrdenações Filipinas$4070$31696336
801 #0 $aPT$bBN$gRPC
966 ## $lBN$mRESMAN$sCOD. 2693
971 ## $cipires$d20221124
997 ## $aBIBEOD

Etiqueta de registo: 00254nbm 2200025 450
001 2284295
003 http://id.bnportugal.gov.pt/bib/catbnp/2284295
100 ## $a20260414j15711651k y0pory01030103ba
101 0# $alatlat
102 ## $aPT
105 ## $ay z 000yy
106 ## $ah
200 1# $a [ Postilas de Direito Civil e Direito Canónico]$bManuscrito]
210 #1 $a[Coimbra],$d1571-1651
215 ## $a7 tomos, enc.$d31 cm
300 ## $aCópia coeva
304 ## $aTexto em latim
304 ## $aComentários ao Corpus Iuris Civilis e Corpus Iuris Canonic leccionados por professores dos séculos XVI e XVII na Universidade de Coimbra
307 ## $aInicial historiada p&b (tomo II, f. 1)
307 ## $aAnotações marginais profusas; acrescentos e correcções redigidas, por vezes, em pequenas tiras de papel coladas sobre o texto inicial
307 ## $aManchado pela humidade e tinta ferrogálica; papel acidificado; tinta esmaecida; marcas da acção dos insectos afectando o texto; aparado
307 ## $aEncadernação em pastas de cartão revestidas a pele castanha; lombada gravada a ouro com o título: "Appost[ilae] Juris"; corte salpicado
316 ## $aCota antiga: U-5-6 a U-5-12
317 ## $aMarca de posse manuscrita: "D. Henriquez" (no início dos tomos)
321 1# $aMemoria Professorvm Vniversitatis Conimbrigensis 1290-1772. Coimbra : Arquivo da Universidade, 2003
321 1# $aSubtil, José - Dicionário dos desembargadores (1640-1834). Lisboa : Ediual, 2010
321 1# $aSão Bento, Luís de - Memorial de ministros : catálogo alfabético dos ministros de letras. Estudo e transcrição Nuno Camarinhas. Lisboa : Biblioteca Nacional de Portugal ; São Paulo : Colégio Permanente de Diretores de Escolas Estaduais da Magistratura, 2017
516 1# $aApostilae juris
517 1# $aDe censibus
517 1# $aDe fideicommissis
517 1# $aDe fideiussoribus
517 1# $aDe dolo et contumacia
517 1# $aDe confessis
517 1# $aDe sententiae excommunicatione
517 1# $aDe poenis
517 1# $aDe alimentis vel cibaris legatis
517 1# $aDe acquirenda vel amitienda possessione
517 1# $aDe legatis
517 1# $aDe litis contestatione
517 1# $aDe consanguinitate
517 1# $aDe restitutione spoliatorum
517 1# $aDe rerum permutatione
517 1# $aDe iuramento
517 1# $aDe regulis jurisDe regulis iuris
517 1# $aDe homicidio
517 1# $aDe testamentis
517 1# $aDe praebendis
518 1# $aQui filii sint legitimi
701 #1 $aDias,$bFrancisco,$f15---1616$4070$3633682
701 #1 $aSousa,$bSebastião de,$f15---1608$4070$31806502
701 #1 $aBarbosa,$bPedro,$f1530-1606$4070$3910234
701 #1 $aJoão,$bCristovão,$f15---1596$4070$3633681
701 #1 $aGonçalves,$bGaspar,$f15--$4070$31995657
701 #1 $aGodinho,$bGonçalo Alvo,$f1595-1659$4070$31833017
701 #1 $aCarneiro,$bFrancisco,$ffl. 1572$4070$31845236
701 #1 $aMourão,$bMatias Álvares,$f16--$4070$31995628
701 #1 $aGomes,$bJoão,$f1589?-1654$4070$31819401
701 #1 $aRebelo,$bJoão de Araújo Ferreira,$f16---17--$4070$3176834
701 #1 $aTeixeira,$bFrancisco Vahia$f16---1672$4070$31742514
701 #1 $aJácome,$bMarçal Casado$f15---1656$4070$31743433
701 #1 $aVargas,$bJoão Lampreia de,$f16--$4070$31865038
701 #1 $aVargas,$bJoão Lampreia de,$f16--$4070$31865038
701 #1 $aLeiva,$bLuís Ribeiro de,$f15---1627$4070$31806179
701 #1 $aMorais,$bFrancisco Cerveira de,$ffl. 1649-1661$4070$31244620
702 #0 $aJustiniano,$cImperador,$f527-565$4100$346792
712 02 $aIgreja Católica.$bPapa,$c1227-1241 (Gregório IX)$4100$373166
801 #0 $aPT$bBN$gRPC
966 ## $lBN$mRESMAN$sCOD. 6926
966 ## $lBN$mRESMAN$sCOD. 6927
966 ## $lBN$mRESMAN$sCOD. 6928
966 ## $lBN$mRESMAN$sCOD. 6929
966 ## $lBN$mRESMAN$sCOD. 6930
966 ## $lBN$mRESMAN$sCOD. 6931
966 ## $lBN$mRESMAN$sCOD. 6932
971 ## $cipires$d20260414

OpendataBNP@bnportugal.pt | Mais informação sobre acesso aos dados BNP